Educación y sociedad en América latina y el Caribe

Guardado en:
Detalles Bibliográficos
Autor principal: Rama, Germán W (Autor)
Formato: Libro
Lenguaje:español
Publicado: Santiago UNICEF 1980
Colección:Proyecto Desarrollo y Educación en América Latina y el Caribe
Materias:
Etiquetas: Agregar Etiqueta
Sin Etiquetas, Sea el primero en etiquetar este registro!

MARC

LEADER 00000nam a2200000 a 4500
001 UCY8040
003 CL-VaPUC
008 950623e19800000CL |||||||||||||||||spa|d
082 0 4 |a 306.43  |b RAM  |2 21 
100 0 |a Rama, Germán W  |e author  |9 339126 
245 1 0 |a Educación y sociedad en América latina y el Caribe 
300 |a 276 p 
942 |c BK 
945 |d 19950623 00:00:00  |a cmena 
260 |a Santiago  |b UNICEF  |c 1980 
650 7 |a EDUCACION SIGLO 20  |2 CL-VaPUC  |9 326897 
650 7 |a DESADAPTADOS SOCIALES  |2 CL-VaPUC  |9 339127 
650 0 |a Sociología de la educación   |9 260380 
650 7 |a EDUCACION Y DESARROLLO  |2 CL-VaPUC  |9 324696 
650 0 |a Desarrollo económico y social   |9 256320 
651 0 |a América Latina   |9 255027 
651 7 |a ISLAS CARIBES  |2 CL-VaPUC  |9 255533 
583 |a last modification  |c 20160901 03:37:45  |k Rodrigo Vera 
490 0 |a Proyecto Desarrollo y Educación en América Latina y el Caribe 
999 |c 235326  |d 235324 
952 |0 0  |1 0  |4 0  |6 306_430000000000000_RAM_1980  |7 0  |8 P  |9 242670  |a BIBEDU  |b BIBEDU  |c BIBEDU_PB  |d 2019-11-18  |i 1521578  |o 306.43 RAM 1980  |p 1521578  |r 2024-01-25  |w 2019-11-18  |y BK  |k EDU 
952 |0 0  |1 0  |4 0  |6 306_430000000000000_RAM_1980  |7 0  |8 P  |9 242671  |a BIBEDU  |b BIBEDU  |c BIBEDU_PB  |d 2019-11-18  |i 3159477  |o 306.43 RAM 1980  |p 3159477  |r 2024-01-25  |w 2019-11-18  |y BK  |k EDU 
952 |0 0  |1 0  |4 0  |6 306_430000000000000_RAM_1980  |7 0  |8 P  |9 242672  |a BIBEDU  |b BIBEDU  |c BIBEDU_PB  |d 2019-11-18  |i 140184K  |o 306.43 RAM 1980  |p 140184K  |r 2024-01-25  |w 2019-11-18  |y BK  |k LIT